El análisis de contenido

Guardat en:
Dades bibliogràfiques
Autor principal: Bardin, Laurence (Autor)
Format: Llibre
Idioma:espanyol
Publicat: Madrid Akal 2002
Edició:3a. ed
Col·lecció:Akal Universitaria
Matèries:
Etiquetes: Afegir etiqueta
Sense etiquetes, Sigues el primer a etiquetar aquest registre!

MARC

LEADER 00000cam a2200000 a 4500
001 UCD5835
003 CL-VaPUC
008 161028e20020000sp |||||||||||||||||spa|d
020 |a 8476000936 
082 0 4 |a 302.24  |b BAR  |2 21 
100 0 |a Bardin, Laurence  |e author  |9 589634 
245 1 3 |a El análisis de contenido 
250 |a 3a. ed 
300 |a 183 p 
942 |c BK 
945 |d 20161028 10:18:00  |a dcastane 
260 |a Madrid  |b Akal  |c 2002 
650 0 |a Análisis del discurso  |9 256696 
583 |a last modification  |c 20161028 10:18:00  |k Rodrigo Vera 
490 0 |a Akal Universitaria 
999 |c 366384  |d 366382 
952 |0 0  |1 0  |3 erb  |4 0  |6 302_240000000000000_BAR_2002  |7 0  |8 A  |9 480580  |a BIBGIM  |b BIBGIM  |i 5345073  |o 302.24 BAR 2002  |p 5345073  |r 2025-01-15  |w 2019-11-24  |y BK  |z Catalogado en:20161028  |k SSL 
952 |0 0  |1 0  |3 erb  |4 0  |6 302_240000000000000_BAR_2002  |7 0  |8 A  |9 480581  |a BIBGIM  |b BIBGIM  |i 5345065  |o 302.24 BAR 2002  |p 5345065  |r 2025-01-15  |w 2019-11-24  |y BK  |z Catalogado en:20161028  |k SSL